Quiz Football - très difficile - Statistiques

Statistiques générales
  • Ce quiz a été pris 398 fois
  • Le résultat moyen est 6 sur 15
Statistiques - réponses
Hint Réponse % Correct
Quel est le premier club hollandais à avoir gagné la Ligue des Champions ? Feyenoord Rotterdam
75%
Quel équipe a affronté le Real Madrid lors de la finale de Ligue des Champions 2002 ? Bayer Leverkusen
70%
Contre quelle équipe l'OM a disputé sa première finale de Ligue des Champions ? Etoile Rouge de Belgrade
60%
Quel est le seul club ayant gagné plus de Ligue des Champions que de championnat national (de première division) ? Nottingham Forest
60%
Quelle nation a crée la sensation lors de la Coupe du Monde 2014 en finissant première du groupe D composé de l'Italie, de l'Uruguay et de l'Angleterre ? Costa Rica
57%
Dans quel club a débuté Robert Pirès ? FC Metz
56%
Contre quelle équipe Zidane a pris un carton rouge lors de la Coupe du Monde 1998 ? Arabie Saoudite
47%
Quel est le nom de l'ancien stade d'Arsenal ? Highbury
41%
Quel joueur a été élu joueur le plus populaire de l'histoire de Boca Juniors par les supporters en 2008 ? Juan Román Riquelme
38%
Qui était l'entraineur de l'équipe de France lors de l'Euro 84 ? Michel Hidalgo
37%
Quel joueur était surnommé le « Hollandais non-volant » ? Dennis Bergkamp
33%
Dans quel stade la France a t-elle affronté le Paraguay lors de la Coupe du Monde 1998 ? Stade Bollaert-Delelis
29%
Où a eu lieu la finale de Coupe du Monde 1954 ? Berne
23%
Quel joueur a tiré le dernier penalty lors de la finale de Ligue des Champions 2005 ? Andriy Chevtchenko
21%
Quel joueur a été banni de la sélection brésilienne suite à la défaite en "finale" de Coupe du Monde 1950 ? Moacir Barbosa
2%
Aucun quiz correspondant
Distribution des résultats
% des personnes avec chaque résultat
Percentile par nombre de réponses
Votre historique - résultats
Vous n’avez pas pris ce quiz